Statistics for All Lil Peep x Lil Tracy songs

Click here to take the quiz!

General Stats

  • This quiz has been taken 187 times
  • The average score is 13 of 29

Answer Stats

ArtistsEP/AlbumSong% Correct
Lil Peep x Lil TracyCastles IIWitchblades
84%
Lil Peep x Lil TracyCastlesWhite Wine
73%
Lil Peep ft. Lil TracyCome Over When You're Sober pt.1Awful Things
72%
Lil Peep x Lil TracyCastles IIYour Favorite Dress
70%
Lil Peep x Lil TracyCastlesCastles
69%
Lil Peep ft. Lil TracyCrybabyWhite Tee
69%
Lil Peep ft. Lil TracyHellboyWalk Away As the Door Slams
68%
Lil Peep ft. Lil TracyHellboyCobain
60%
Lil Peep x Lil TracyCastles IIPast the Castle Walls
58%
Lil Peep ft. Lil TracyHellboyThe Song They Played (When I Crashed Into the Wall)
57%
Lil Peep x Lil Tracy ft. Slug ChristCastlesPain
54%
Lil Peep x Lil TracyCastles IIDying Out West
52%
Lil Peep x Lil TracyCastles IINever Eat, Never Sleep
46%
Lil Peep x Lil TracySingleGivnig Girls Cocaine
44%
Lil Peep x Lil TracySingleLil Peep Lil Tracy
42%
Lil Raven x Lil Tracy ft. Lil PeepFly AwayOh
36%
Lil Peep x Lil TracySingleI Crash U Crash
35%
Lil Peep x Lil TracySingleBackseat
31%
Mackned ft. Lil Peep & Lil TracyHollywood DropoutPictures 2
31%
Lil Peep x Lil TracySingleGODS
30%
Lil Tracy x Lil Peep x HorseheadSingleLast Fall
30%
Lil Peep x Lil TracySingleKisses in the Wind
26%
Smokeasac ft. Lil Tracy x Lil PeepSingleOverdose
26%
Lil Peep x Lil TracySingleRatchet B*tches Cocaina
20%
Lil Peep x Lil TracySingleF*ck Fame
19%
Lil Peep x Lil Tracy x PollàriSingleSame Sh*t
18%
KirbLaGoop ft. Lil Peep x Lil TracyGOOPMan Down
17%
Lil Tracy ft. Lil Peep & ThouxanbanfauniXOXOIn Dis Bih
16%
Lil Peep x Lil TracySingleSuck the Tip
13%

Score Distribution

Percentile by Number Answered

Percent of People with Each Score

Your Score History

You have not taken this quiz